[Event "9th Semana Santa Alicante"]
[Site "San Vicente ESP"]
[Date "2025.04.16"]
[Round "1.24"]
[White "Garcia Gonzalez, Omar"]
[Black "Castellanos Rodriguez, Renier"]
[Result "0-1"]
[BlackTitle "GM"]
[WhiteElo "2101"]
[BlackElo "2471"]
[WhiteFideId "2206650"]
[BlackFideId "3404650"]
[EventDate "2025.04.16"]

1. d4 Nf6 2. Nc3 d5 3. Bf4 a6 4. e3 b5 5. Bd3 Bb7 6. Nf3 e6 7. O-O c5 8. dxc5
Bxc5 9. Qe2 Nbd7 10. a3 Be7 11. e4 dxe4 12. Nxe4 O-O 13. Rfd1 Qb6 14. c3 Rfd8
15. h3 Nxe4 16. Bxe4 Bxe4 17. Qxe4 Nc5 18. Qe3 Qb7 19. Nd4 Na4 20. Rd2 Rd5 21.
Qf3 Rad8 22. b3 Nc5 23. b4 Na4 24. Nb3 Qc8 25. Rad1 Qxc3 26. Rxd5 Rxd5 27. Rc1
Qxf3 28. gxf3 g5 29. Be3 Rd3 30. Rc8+ Kg7 31. Nc5 Rxa3 32. Rc7 Bxc5 33. bxc5 Kg6
34. Rc8 Kf5 35. c6 Rc3 36. Bd2 Rc4 37. Ba5 b4 38. c7 b3 39. Rb8 b2 40. Kg2 f6
41. Rb3 h5 42. Kg3 e5 43. Kg2 Ke6 44. Rb8 Kd7 45. Rd8+ Ke7 46. Rb8 h4 47. Kh2
Ke6 48. Kg2 Rc6 49. Kh2 Rc4 50. Kg2 Rc2 51. Kg1 Kf5 52. Kg2 Rc6 53. Kh2 Nc3 54.
Rxb2 Nb5 55. Ra2 Ke6 56. Bb6 Kd7 57. Rd2+ Rd6 58. Rc2 Kc8 59. Ba5 Rd3 60. Kg2
Nd4 61. Rc4 Nb5 62. Rc5 Rd7 63. Rc6 Rd6 64. Rc5 Nd4 65. Rc3 Rc6 66. Rd3 Kb7 67.
Rd1 Nb5 68. Rd7 Nxc7 69. Rf7 Kc8 70. Bxc7 Rxc7 71. Rxf6 a5 72. Rf5 Rc5 73. Rxg5
a4 74. Rg4 Ra5 75. Rxh4 a3 76. Rc4+ Kd7 77. Rc1 Ke6 78. Kg3 Kf5 79. h4 Ra4 80.
Ra1 a2 0-1

[Event "9th Semana Santa Alicante"]
[Site "San Vicente ESP"]
[Date "2025.04.16"]
[Round "1.25"]
[White "Gines Esteo, Pedro Antonio"]
[Black "Sanchez Barbado, Carlos"]
[Result "1-0"]
[WhiteTitle "GM"]
[WhiteElo "2469"]
[BlackElo "2100"]
[WhiteFideId "32080190"]
[BlackFideId "2273012"]
[EventDate "2025.04.16"]

1. Nf3 f5 2. d3 Nc6 3. d4 e6 4. g3 Nf6 5. Bg2 d6 6. O-O Be7 7. c4 e5 8. d5 Nb8
9. Nc3 O-O 10. e4 Na6 11. Ng5 Nc5 12. exf5 Bxf5 13. b4 Nd3 14. Ne6 Bxe6 15. dxe6
Nxc1 16. b5 Nxa2 17. Rxa2 Qc8 18. Nd5 Re8 19. Nxf6+ Bxf6 20. Be4 a6 21. Qh5 g6
22. Qf3 1-0

[Event "9th Semana Santa Alicante"]
[Site "San Vicente ESP"]
[Date "2025.04.16"]
[Round "1.26"]
[White "Segarra Victorio, Israel"]
[Black "Camacho Collados, Marcos"]
[Result "0-1"]
[BlackTitle "IM"]
[WhiteElo "2097"]
[BlackElo "2468"]
[WhiteFideId "54788633"]
[BlackFideId "2266237"]
[EventDate "2025.04.16"]

1. Nf3 Nf6 2. c4 e6 3. e3 b6 4. Nc3 Bb4 5. Qc2 Bb7 6. b3 O-O 7. a3 Bxc3 8. Qxc3
d6 9. Bb2 Nbd7 10. Be2 Qe7 11. O-O e5 12. Ne1 Rfe8 13. f4 Rad8 14. b4 Nf8 15.
Rd1 c5 16. Bf3 Ng6 17. f5 Nf8 18. Bxb7 Qxb7 19. b5 d5 20. cxd5 Nxd5 21. Qc2 Qd7
22. Rb1 Nc7 23. Rf2 f6 24. Qc4+ Qf7 25. Qe2 Qb3 26. Bxe5 Qxb1 27. Bxc7 Rd7 28.
Bf4 Qxf5 29. d3 Ne6 30. Bg3 Qd5 31. Qg4 Qg5 32. Qf3 Nd4 33. exd4 Rxe1+ 34. Rf1
Rxf1+ 35. Kxf1 cxd4 36. Qc6 Qd5 0-1

[Event "9th Semana Santa Alicante"]
[Site "San Vicente ESP"]
[Date "2025.04.16"]
[Round "1.28"]
[White "Garigorta Martinez, Ibai"]
[Black "Alonso Garcia, Aaron"]
[Result "0-1"]
[BlackTitle "IM"]
[WhiteElo "2096"]
[BlackElo "2462"]
[WhiteFideId "94733112"]
[BlackFideId "24521060"]
[EventDate "2025.04.16"]

1. e4 e6 2. d4 d5 3. e5 c5 4. c3 Nc6 5. Nf3 Bd7 6. Be2 f6 7. O-O fxe5 8. Nxe5
Nxe5 9. dxe5 Qc7 10. Bh5+ g6 11. Bf3 Bg7 12. Bf4 Ne7 13. Re1 O-O 14. Bg3 Nf5 15.
Bg4 h5 16. Bh3 Bh6 17. Bxf5 Rxf5 18. Nd2 Raf8 19. Nf3 Rxf3 20. gxf3 Bc6 21. Qd3
Rf5 22. b4 Qf7 23. bxc5 Rxf3 24. Qd4 Qf5 25. Rad1 g5 26. h4 gxh4 27. Qxh4 Bg5
28. Qxh5 d4 29. Qh2 d3 30. Rb1 d2 31. Red1 Rxc3 32. Kf1 Qd3+ 33. Kg1 Qxb1 0-1

[Event "9th Semana Santa Alicante"]
[Site "San Vicente ESP"]
[Date "2025.04.16"]
[Round "1.29"]
[White "Brodowski, Piotr"]
[Black "Cancio-Bello Ayes, Flavia"]
[Result "1-0"]
[WhiteTitle "IM"]
[BlackTitle "WFM"]
[WhiteElo "2461"]
[BlackElo "2092"]
[WhiteFideId "1124480"]
[BlackFideId "3512070"]
[EventDate "2025.04.16"]

1. d4 Nf6 2. Bg5 Ne4 3. h4 c5 4. d5 Qb6 5. Nd2 Nxg5 6. hxg5 g6 7. e4 Qxb2 8. Bc4
Bg7 9. Rb1 Qc3 10. Rb5 Qa1 11. Rb1 Qc3 12. Rb5 Qa1 13. Qxa1 Bxa1 14. Ne2 Bg7 15.
Rxc5 Na6 16. Bxa6 bxa6 17. Nb3 d6 18. Rc6 Bd7 19. Rxa6 Bb5 20. Ra5 Bxe2 21. Kxe2
O-O 22. c4 f5 23. gxf6 Bxf6 24. Rb1 Rac8 25. Kd3 Rc7 26. Rb5 e6 27. Na5 exd5 28.
exd5 Bg5 29. Rb8 Rf7 30. Rxf8+ Rxf8 31. Ke2 Re8+ 32. Kd3 Rf8 33. Rb2 Bh4 34. f3
Bd8 35. Nc6 Bb6 36. Re2 Bc5 37. a4 Kg7 38. a5 h5 39. a6 g5 40. Nd4 Rb8 41. Re7+
Kf6 42. Rb7 Rg8 43. Ne6 g4 44. Nxc5 dxc5 45. Rxa7 g3 46. Rb7 h4 47. Rh7 Kg5 48.
a7 Ra8 49. d6 h3 50. Rxh3 Rxa7 51. Rxg3+ Kf5 52. Rg4 Rd7 53. Re4 Rxd6+ 54. Ke3
Rd1 55. g4+ Kf6 56. Kf4 Rd3 57. g5+ Kf7 58. Kg4 Rc3 59. f4 Rd3 60. Re5 1-0

[Event "9th Semana Santa Alicante"]
[Site "San Vicente ESP"]
[Date "2025.04.16"]
[Round "1.30"]
[White "Villar Piriz, Adrian"]
[Black "Jain, Kashish Manoj"]
[Result "0-1"]
[BlackTitle "FM"]
[WhiteElo "2091"]
[BlackElo "2459"]
[WhiteFideId "24537209"]
[BlackFideId "35081098"]
[EventDate "2025.04.16"]

1. e4 c5 2. Nf3 Nc6 3. Bb5 g6 4. O-O Bg7 5. Re1 e5 6. Bxc6 dxc6 7. a4 Qe7 8. Na3
Nh6 9. d3 f6 10. h3 Nf7 11. Be3 O-O 12. Qd2 Nd8 13. Nc4 Ne6 14. a5 Nd4 15. Nxd4
cxd4 16. Bh6 Be6 17. Bxg7 Kxg7 18. Ra4 g5 19. c3 Rfd8 20. Na3 c5 21. Nc2 dxc3
22. bxc3 Qd7 23. Ra3 Qxd3 24. Qxd3 Rxd3 25. Rb1 Rd7 26. Ne3 c4 27. Ra4 Rc8 28.
Kf1 Rcc7 29. Rbb4 Rd3 30. Nxc4 Bxc4 31. Rxc4 Rxc3 32. Rxc3 Rxc3 33. Rb4 Rc7 34.
Ke2 Kf7 35. Kf3 h5 36. Rb3 Ke6 37. Rd3 b5 38. axb6 axb6 39. Ke3 b5 40. Kd2 Rd7 0-1

[Event "9th Semana Santa Alicante"]
[Site "San Vicente ESP"]
[Date "2025.04.16"]
[Round "1.31"]
[White "Zwirs, Nico"]
[Black "Gonzalez Ochoa, Yoana"]
[Result "1-0"]
[WhiteTitle "IM"]
[BlackTitle "WIM"]
[WhiteElo "2457"]
[BlackElo "2088"]
[WhiteFideId "1036432"]
[BlackFideId "3507629"]
[EventDate "2025.04.16"]

1. c4 e5 2. Nc3 Nf6 3. Nf3 Nc6 4. d3 Bc5 5. Bg5 h6 6. Bh4 g5 7. Bg3 d6 8. e3 Bg4
9. h3 Bh5 10. Be2 Bb6 11. a3 a6 12. h4 g4 13. Nd2 Rg8 14. b4 Bg6 15. h5 Nxh5 16.
Bh4 f6 17. Bxg4 Ng7 18. Nd5 Rf8 19. Qf3 e4 20. Nxf6+ Rxf6 21. Qxf6 1-0

[Event "9th Semana Santa Alicante"]
[Site "San Vicente ESP"]
[Date "2025.04.16"]
[Round "1.32"]
[White "Merayo Lopez, Abraham"]
[Black "Zanan, Evgeny"]
[Result "0-1"]
[BlackTitle "GM"]
[WhiteElo "2088"]
[BlackElo "2454"]
[WhiteFideId "2276860"]
[BlackFideId "24101940"]
[EventDate "2025.04.16"]

1. e4 e5 2. Nf3 Nc6 3. Bc4 Nf6 4. d3 d5 5. exd5 Nxd5 6. O-O Bg4 7. c3 Qd7 8. Re1
O-O-O 9. Bb5 f6 10. h3 Bf5 11. Qa4 Nb6 12. Bxc6 Nxa4 13. Bxd7+ Bxd7 14. d4 exd4
15. Nxd4 Bc5 16. Nd2 Rhe8 17. Rxe8 Rxe8 18. N2f3 Bxd4 19. cxd4 Bc6 20. Kf1 Bb5+
21. Kg1 Be2 22. Nd2 Bd3 23. Nf3 Be4 24. Kf1 Bxf3 25. gxf3 Rd8 26. b3 Nc3 27. Be3
Kd7 28. Ke1 Nd5 29. Kd2 Ke6 30. Rc1 c6 31. a3 g5 32. Kd3 Rg8 33. Rg1 Rg6 34. Bd2
Rh6 35. f4 Rxh3+ 36. Rg3 Rxg3+ 37. fxg3 gxf4 0-1

[Event "9th Semana Santa Alicante"]
[Site "San Vicente ESP"]
[Date "2025.04.16"]
[Round "1.34"]
[White "Gonzalez Mojica, Renan Arturo"]
[Black "Mamedov, Edgar"]
[Result "0-1"]
[WhiteTitle "CM"]
[BlackTitle "IM"]
[WhiteElo "2085"]
[BlackElo "2453"]
[WhiteFideId "4482379"]
[BlackFideId "13739980"]
[EventDate "2025.04.16"]

1. d4 d5 2. c4 e6 3. Nc3 Nf6 4. Nf3 dxc4 5. e3 a6 6. Bxc4 b5 7. Bd3 Bb7 8. O-O
Nbd7 9. Qe2 c5 10. Rd1 cxd4 11. exd4 Be7 12. Bf4 O-O 13. Rac1 Nd5 14. Nxd5 Bxd5
15. Bc7 Qe8 16. a4 bxa4 17. Bxa6 Bb4 18. Bb5 Qe7 19. Ne5 Nxe5 20. Bxe5 Bb3 21.
Qg4 g6 22. Rc7 Bxd1 23. Qf4 Bb3 24. Rxe7 Bxe7 25. h4 f6 26. Bc7 Ra7 27. Qg3 e5
28. h5 Rxc7 29. dxe5 g5 30. exf6 Rc1+ 31. Kh2 Bxf6 32. Bd3 Rc5 33. Qe3 Rc7 34.
h6 Re7 35. Qc5 Be5+ 36. g3 Bf6 37. f4 gxf4 38. gxf4 Ref7 39. Qg1+ Kh8 40. Qg2
Rd8 41. Qe4 Bxb2 42. Bc4 Bxc4 43. Qxc4 Ra7 44. Qc5 Rda8 45. Qd5 a3 46. Qa2 Rf8
47. Kg3 Raf7 0-1

[Event "9th Semana Santa Alicante"]
[Site "San Vicente ESP"]
[Date "2025.04.16"]
[Round "1.35"]
[White "Garrido Outon, Alex"]
[Black "Jarque Megias, Juan Jose"]
[Result "1-0"]
[WhiteTitle "IM"]
[WhiteElo "2450"]
[BlackElo "2085"]
[WhiteFideId "24516279"]
[BlackFideId "22248048"]
[EventDate "2025.04.16"]

1. e4 e6 2. d4 d5 3. Nc3 Bb4 4. Ne2 dxe4 5. a3 Bxc3+ 6. Nxc3 Nc6 7. Bb5 Ne7 8.
Bg5 f6 9. Be3 O-O 10. Qd2 f5 11. f3 exf3 12. O-O-O a6 13. Bxc6 Nxc6 14. gxf3 b5
15. Rhg1 Ne7 16. d5 e5 17. Bc5 Rf7 18. h4 Bb7 19. Qe2 Nxd5 20. Qxe5 Qf6 21. Rxd5
Bxd5 22. Qxf6 Rxf6 23. Nxd5 Rf7 24. Re1 h6 25. h5 Rd7 26. Nf4 Kf7 27. Re5 Kf6
28. Re6+ Kf7 29. b3 a5 30. Re5 Kf6 31. Ng6 f4 32. Be7+ Kf7 33. Rf5+ Kg8 34. Rxb5
c6 35. Rf5 Rd5 36. Rxd5 cxd5 37. Nxf4 Re8 38. Nxd5 Kf7 39. c4 a4 40. b4 Rc8 41.
c5 Ke6 42. Nb6 Rc7 43. Bd8 Rc6 44. Kd2 1-0

[Event "9th Semana Santa Alicante"]
[Site "San Vicente ESP"]
[Date "2025.04.16"]
[Round "1.37"]
[White "Raczek, Krzysztof"]
[Black "Arnott, Jonathan W"]
[Result "1-0"]
[WhiteTitle "IM"]
[BlackTitle "CM"]
[WhiteElo "2448"]
[BlackElo "2080"]
[WhiteFideId "21005303"]
[BlackFideId "408077"]
[EventDate "2025.04.16"]

1. Nf3 f5 2. c4 Nf6 3. g3 d6 4. Bg2 e5 5. d3 Be7 6. b4 O-O 7. O-O Qe8 8. Nc3 Qh5
9. e3 g5 10. Nd2 Qh6 11. Nd5 Bd8 12. f4 c6 13. Nxf6+ Bxf6 14. Rb1 exf4 15. exf4
Bd4+ 16. Kh1 g4 17. Nb3 Bc3 18. d4 a5 19. Nxa5 b6 20. Qd3 Bxb4 21. Rxb4 Rxa5 22.
Rxb6 Ba6 23. Qd2 Ra4 24. Qc2 Rxc4 25. Qb3 d5 26. Bxd5+ 1-0

[Event "9th Semana Santa Alicante"]
[Site "San Vicente ESP"]
[Date "2025.04.16"]
[Round "1.38"]
[White "Liu, Meng"]
[Black "Stearman, Josiah"]
[Result "0-1"]
[BlackTitle "IM"]
[WhiteElo "2079"]
[BlackElo "2441"]
[WhiteFideId "8620644"]
[BlackFideId "2062496"]
[EventDate "2025.04.16"]

1. d4 Nf6 2. c4 g6 3. Nc3 Bg7 4. e4 d6 5. Nf3 O-O 6. h3 e5 7. d5 Nh5 8. g3 f5 9.
exf5 gxf5 10. Ng5 Nf6 11. Rg1 Na6 12. Be3 Qe7 13. Be2 Nc5 14. b4 Na6 15. Qb3 c5
16. a3 Kh8 17. O-O-O Bd7 18. b5 Nc7 19. g4 f4 20. Bxc5 b6 21. Bb4 e4 22. Ne6 f3
23. Bf1 Bxe6 24. dxe6 Qxe6 25. g5 Nd7 26. Rxd6 Qf5 27. Rg4 Nc5 28. Qc2 a5 29.
bxa6 N7xa6 30. Rd5 Qe6 31. Bxc5 Nxc5 32. Nb5 Rfc8 33. Nd4 Qxd5 34. cxd5 Bxd4 35.
Kd2 Rxa3 36. Bc4 e3+ 37. fxe3 Bxe3+ 38. Ke1 Ra1+ 39. Qd1 Nd3+ 0-1

[Event "9th Semana Santa Alicante"]
[Site "San Vicente ESP"]
[Date "2025.04.16"]
[Round "1.39"]
[White "Chasin, Nico"]
[Black "Lopez Nunez, Alonso"]
[Result "1-0"]
[WhiteTitle "IM"]
[WhiteElo "2435"]
[BlackElo "2078"]
[WhiteFideId "30908477"]
[BlackFideId "24544213"]
[EventDate "2025.04.16"]

1. a4 e5 2. e4 Nf6 3. Nc3 Nc6 4. Nf3 a6 5. d4 exd4 6. Nxd4 Bb4 7. Nxc6 bxc6 8.
Bd3 d5 9. exd5 cxd5 10. O-O O-O 11. Qf3 Bg4 12. Qg3 Qd7 13. h3 Bd6 14. Bf4 Nh5
15. Qh4 Bxf4 16. hxg4 Nf6 17. g5 Qg4 18. Bxh7+ Kh8 19. Qxg4 Nxg4 20. Bf5 Ne5 21.
Nxd5 Bd2 22. Rad1 Ba5 23. b4 Bb6 24. a5 Ba7 25. Nxc7 1-0

[Event "9th Semana Santa Alicante"]
[Site "San Vicente ESP"]
[Date "2025.04.16"]
[Round "1.40"]
[White "Verbytski, Oleg"]
[Black "Prraneeth, Vuppala"]
[Result "0-1"]
[BlackTitle "GM"]
[WhiteElo "2077"]
[BlackElo "2433"]
[WhiteFideId "495506"]
[BlackFideId "46622373"]
[EventDate "2025.04.16"]

1. e4 c5 2. Nf3 d6 3. d4 cxd4 4. Nxd4 Nf6 5. Nc3 Nc6 6. Be2 g6 7. Be3 Bg7 8. Qd2
O-O 9. O-O Ng4 10. Nxc6 bxc6 11. Bg5 Be6 12. Bxg4 Bxg4 13. Bh6 Be6 14. Bxg7 Kxg7
15. b3 f6 16. Ne2 Bf7 17. f4 a5 18. a4 Rb8 19. Ng3 c5 20. Qc3 Qb6 21. Kh1 Qb4
22. Qe3 c4 23. e5 cxb3 24. exf6+ exf6 25. cxb3 Qxb3 26. Qd2 Qb4 27. Qf2 Rfe8 28.
f5 g5 29. Rad1 d5 30. Rd4 Qc3 31. Rfd1 Rb2 32. Qg1 Qe3 33. Qf1 h5 34. Rxd5 Bxd5
35. Rxd5 Rb1 36. Rd7+ Kh6 0-1

[Event "9th Semana Santa Alicante"]
[Site "San Vicente ESP"]
[Date "2025.04.17"]
[Round "2.1"]
[White "Candela Perez, Jose"]
[Black "Murzin, Volodar"]
[Result "0-1"]
[WhiteTitle "IM"]
[BlackTitle "GM"]
[WhiteElo "2282"]
[BlackElo "2658"]
[WhiteFideId "2203839"]
[BlackFideId "44155573"]
[EventDate "2025.04.16"]

1. d4 Nf6 2. c4 e6 3. Nf3 d5 4. Nc3 Bb4 5. Qa4+ Nc6 6. e3 O-O 7. Bd2 Re8 8. cxd5
exd5 9. Bb5 Bd7 10. Bxc6 Bxc3 11. Bxd7 Bxd2+ 12. Nxd2 Nxd7 13. O-O c6 14. Qc2
Nb6 15. b4 Nc8 16. a4 Nd6 17. Rfb1 a6 18. Nb3 Rc8 19. Nc5 Rc7 20. Qd3 Rce7 21.
Re1 Qc8 22. Ra2 Qg4 23. Rae2 Qg5 24. f3 f5 25. a5 h5 26. Kh1 h4 27. h3 Qg3 28.
Qc2 Kh8 29. Qd3 Nc4 30. Kg1 Kg8 31. Kh1 Kh8 32. Kg1 g6 33. Kh1 Kg7 34. Kg1 Kh6
35. Kh1 Kg7 36. Kg1 Kh6 37. Kh1 f4 38. e4 dxe4 39. Nxe4 Rxe4 40. Rxe4 Qxe1+ 41.
Rxe1 Rxe1+ 42. Kh2 Ne3 43. Qc3 Rd1 44. Qb3 Rc1 45. Qb2 Nf1+ 46. Kg1 Ng3+ 0-1

[Event "9th Semana Santa Alicante"]
[Site "San Vicente ESP"]
[Date "2025.04.17"]
[Round "2.2"]
[White "Puranik, Abhimanyu"]
[Black "Arias Gaviria, Mario Alexis"]
[Result "1/2-1/2"]
[WhiteTitle "GM"]
[BlackTitle "FM"]
[WhiteElo "2636"]
[BlackElo "2283"]
[WhiteFideId "5061245"]
[BlackFideId "3800660"]
[EventDate "2025.04.16"]

1. e4 c6 2. Nf3 d5 3. Nc3 Bg4 4. h3 Bxf3 5. Qxf3 e6 6. Be2 Nd7 7. O-O Ngf6 8. d4
dxe4 9. Nxe4 Nxe4 10. Qxe4 Nf6 11. Qd3 Be7 12. Rd1 O-O 13. Bf3 Qc7 14. Qe2 Rad8
15. c3 Rd7 16. g3 Rfd8 17. Bf4 Bd6 18. Be3 h6 19. Kg2 Nd5 20. Bd2 Nf6 21. Be1
Re8 22. Qc2 Red8 23. Rd3 e5 24. dxe5 Bxe5 25. Rad1 Rxd3 26. Rxd3 Rxd3 27. Qxd3
Qe7 28. Bd2 Bc7 29. b4 Nd7 30. Bd1 Qd6 31. Qxd6 Bxd6 32. f4 Kf8 33. Kf3 Bc7 34.
c4 Bb6 35. Ke4 Bf2 36. g4 Nf6+ 37. Kd3 Ne8 38. Bf3 Nd6 39. c5 Ne8 40. Ke2 Bd4
41. h4 Nc7 42. Be1 Bb2 43. Kd3 Ke7 44. f5 Be5 45. g5 Bf4 46. f6+ gxf6 47. gxh6
Bxh6 48. Bg3 Ne6 49. Bd6+ Kd8 50. Ke4 Bd2 51. a3 Bc1 52. Bd1 Bxa3 53. h5 Bxb4
54. h6 Bd2 55. h7 Ng5+ 56. Kd3 Nxh7 57. Kxd2 Ng5 58. Ke3 Ne6 59. Bb8 Nxc5 60.
Bxa7 1/2-1/2

[Event "9th Semana Santa Alicante"]
[Site "San Vicente ESP"]
[Date "2025.04.17"]
[Round "2.3"]
[White "Vela Frago, Alberto"]
[Black "Lu, Shanglei"]
[Result "0-1"]
[WhiteTitle "FM"]
[BlackTitle "GM"]
[WhiteElo "2279"]
[BlackElo "2618"]
[WhiteFideId "24531685"]
[BlackFideId "8603332"]
[EventDate "2025.04.16"]

1. c4 e5 2. Nc3 Nc6 3. Nf3 f5 4. g3 d6 5. d4 e4 6. Bg5 Be7 7. Bxe7 Ncxe7 8. Nh4
Nf6 9. Ng2 Be6 10. e3 Bf7 11. h4 O-O 12. Nf4 c5 13. dxc5 dxc5 14. Qxd8 Rfxd8 15.
Be2 h6 16. h5 Nc6 17. Rd1 Ne5 18. b3 Rxd1+ 19. Kxd1 Rd8+ 20. Kc2 Kf8 21. Rh4 Ke7
22. Rh1 Rd7 23. Rf1 b6 24. Rh1 Kd6 25. Rd1+ Kc6 26. Rh1 Rd8 27. Rf1 Rd6 28. Nb5
Rd7 29. Nc3 Rd8 30. Rh1 Nf3 31. Bxf3 exf3 32. Ncd5 Ne4 33. Rf1 Rd6 34. Rd1 Kd7
35. Nc3 Nxf2 36. Rf1 Ne4 37. Rxf3 Rd2+ 38. Kc1 Rh2 39. Nxe4 fxe4 40. Rf1 Rxa2
41. Kb1 Rh2 42. g4 Ke8 43. Rg1 Ke7 44. g5 hxg5 45. Rxg5 Kf6 46. Rg3 Bxh5 47.
Nd5+ Kf7 48. Rg5 Bd1 49. b4 Rh5 50. Rg1 Bb3 51. Nf4 Rf5 52. bxc5 Rxc5 53. Rf1
Bxc4 54. Nd3+ Ke7 0-1

[Event "9th Semana Santa Alicante"]
[Site "San Vicente ESP"]
[Date "2025.04.17"]
[Round "2.4"]
[White "Ivanchuk, Vasyl"]
[Black "Ashton, Adam G"]
[Result "1-0"]
[WhiteTitle "GM"]
[BlackTitle "FM"]
[WhiteElo "2604"]
[BlackElo "2280"]
[WhiteFideId "14100010"]
[BlackFideId "410110"]
[EventDate "2025.04.16"]

1. d4 d5 2. c4 e6 3. Nc3 Nf6 4. Nf3 Be7 5. g3 O-O 6. Bg2 dxc4 7. Ne5 Nc6 8. Bxc6
bxc6 9. Nxc6 Qe8 10. Nxe7+ Qxe7 11. Qa4 e5 12. dxe5 Qxe5 13. Qxc4 Be6 14. Qf4
Qa5 15. O-O Rab8 16. Rd1 Rb4 17. Qd2 c5 18. f3 Rd4 19. Qe1 Bb3 20. Rxd4 cxd4 21.
Be3 dxe3 22. axb3 Qb6 23. Ra3 Rd8 24. Qa1 h5 25. Rxa7 Rd2 26. Qa2 Qb4 27. Qa3
Qb6 28. b4 Qe6 29. b5 Nd5 30. Nxd5 Rxd5 31. Re7 Qf5 32. b6 h4 33. Qxe3 Rd1+ 34.
Kf2 hxg3+ 35. hxg3 Qh5 36. Re8+ Kh7 37. Qe4+ 1-0

[Event "9th Semana Santa Alicante"]
[Site "San Vicente ESP"]
[Date "2025.04.17"]
[Round "2.5"]
[White "Ruiz Vazquez, Javier"]
[Black "Kozak, Adam"]
[Result "0-1"]
[WhiteTitle "CM"]
[BlackTitle "GM"]
[WhiteElo "2279"]
[BlackElo "2598"]
[WhiteFideId "54727308"]
[BlackFideId "753246"]
[EventDate "2025.04.16"]

1. e4 c5 2. Nf3 Nc6 3. Bc4 e6 4. O-O a6 5. d4 cxd4 6. Nxd4 Qc7 7. Nxc6 Qxc6 8.
Qe2 Nf6 9. Bd3 b5 10. Bg5 Bb7 11. Nd2 h6 12. Bh4 Be7 13. f4 Qb6+ 14. Bf2 Qc7 15.
Bd4 Bc5 16. Bxc5 Qxc5+ 17. Kh1 d6 18. a4 O-O 19. Ra3 Rfc8 20. Rb3 b4 21. Qf2
Qxf2 22. Rxf2 a5 23. Re2 Bc6 24. Bc4 d5 25. exd5 exd5 26. Bd3 Bxa4 27. Bf5 Bxb3
28. Bxc8 Bxc2 0-1

[Event "9th Semana Santa Alicante"]
[Site "San Vicente ESP"]
[Date "2025.04.17"]
[Round "2.6"]
[White "Iturrizaga Bonelli, Eduardo"]
[Black "Piccoli, Lucas Fonseca"]
[Result "1/2-1/2"]
[WhiteTitle "GM"]
[WhiteElo "2585"]
[BlackElo "2279"]
[WhiteFideId "3901211"]
[BlackFideId "2190788"]
[EventDate "2025.04.16"]

1. c4 e6 2. Nc3 Bb4 3. Qc2 Nf6 4. Nf3 d6 5. g3 O-O 6. Bg2 e5 7. O-O c5 8. e3 Nc6
9. b3 Bg4 10. h3 Bxc3 11. Qxc3 Bxf3 12. Bxf3 e4 13. Bg2 Ne5 14. Bb2 Re8 15. Qc2
d5 16. Bxe5 Rxe5 17. d3 exd3 18. Qxd3 dxc4 19. Qxc4 Rb8 20. Rfd1 Qe7 21. a4 b6
22. Rd3 h5 23. Rad1 Re8 24. Bc6 Rc8 25. Bf3 g6 26. Kg2 Kg7 27. Rd6 Rc7 28. a5 b5
29. Qxb5 c4 30. Qa4 cxb3 31. a6 Re6 32. Rxe6 Qxe6 33. Rb1 Rc3 34. Qd4 Qf5 35.
Rb2 Qd3 36. Qxa7 Rc1 37. Be2 Qd5+ 38. Bf3 Qd3 39. Be2 Qc3 40. Qd4 Qe1 41. Kf3
Qh1+ 42. Kf4 Rc5 43. e4 Qc1+ 44. Kf3 Qh1+ 45. Ke3 Qc1+ 46. Qd2 Qh1 47. Bf3 Qa1
48. Rxb3 Qxa6 49. Qb2 Qe6 50. Rb6 Qe7 51. Qd4 Re5 52. Ke2 Kh7 53. Rb7 Qxb7 54.
Qxe5 Qa6+ 55. Ke1 Qe6 56. Qd4 Nd7 57. Bg2 f5 58. h4 fxe4 59. Bxe4 Nf6 60. f3
Nxe4 61. Qxe4 Qd6 62. Kf2 Qc5+ 63. Kg2 Qd6 64. Qb7+ Kh6 65. Qb2 Kh7 66. Qe2 Qf6
67. Qd2 Qe6 68. Kh2 Qf5 69. Qe2 Qf6 70. Kg2 Kg7 71. Qb5 Qe6 72. Qb7+ Kh6 73. Qe4
Qa2+ 74. Kf1 Qa1+ 75. Kf2 Qb2+ 76. Qe2 Qf6 77. Qb5 Qd8 78. Qb4 Kh7 79. Qb7+ Kg8
80. Ke3 Qd6 81. f4 Qa3+ 82. Kf2 Qc5+ 83. Kg2 Qc2+ 84. Kh3 Qf5+ 85. Kh2 Qc2+ 86.
Qg2 Qf5 87. Qc6 Kh7 88. Kg2 Qd3 89. Qf3 Qd2+ 90. Kf1 Qc1+ 91. Kf2 Qd2+ 92. Qe2
Qd4+ 93. Qe3 Qb2+ 94. Kf3 Qb7+ 95. Qe4 Qb3+ 96. Kg2 Qa2+ 97. Kh3 Qf7 98. Kg2
Qa2+ 99. Kf3 Qb3+ 100. Qe3 Qd5+ 101. Ke2 Qg2+ 102. Kd3 Qd5+ 103. Kc3 Qa5+ 104.
Kb2 Qb4+ 105. Kc2 Qc4+ 106. Kd2 Qa2+ 107. Ke1 Qb1+ 108. Kf2 Qc2+ 109. Kf3 Qc6+
110. Qe4 Qc3+ 111. Kg2 Qd2+ 112. Kg1 Qc1+ 113. Kf2 Qd2+ 114. Qe2 Qd4+ 115. Kg2
Qd5+ 116. Qf3 Qd2+ 117. Kh3 Qd7+ 118. Kh2 Qd2+ 119. Qg2 Qd7 120. Qe2 Qf7 121.
Qd3 Qa2+ 122. Kh3 Qf2 123. Qd1 Kh6 124. Qc1 Kh7 125. Qh1 Kh6 126. Qg2 Qe3 127.
Qb2 Qe6+ 128. Kh2 Kh7 129. Qe5 Qa2+ 130. Kh3 Qf7 131. Kh2 1/2-1/2

[Event "9th Semana Santa Alicante"]
[Site "San Vicente ESP"]
[Date "2025.04.17"]
[Round "2.7"]
[White "Sriansh Das"]
[Black "Stremavicius, Titas"]
[Result "1/2-1/2"]
[WhiteTitle "FM"]
[BlackTitle "GM"]
[WhiteElo "2278"]
[BlackElo "2551"]
[WhiteFideId "45030081"]
[BlackFideId "12804444"]
[EventDate "2025.04.16"]

1. e4 c5 2. Nf3 d6 3. d4 cxd4 4. Nxd4 Nf6 5. Nc3 g6 6. Be3 Bg7 7. Be2 Nc6 8. O-O
O-O 9. Kh1 Bd7 10. f4 Nxd4 11. Bxd4 Bc6 12. Bf3 Nd7 13. Bxg7 Kxg7 14. Qd4+ Kg8
15. a4 Qb6 16. Rad1 a5 17. Qxb6 Nxb6 18. b3 Rac8 19. Ne2 Nd7 20. Nd4 Nc5 21. e5
Bxf3 22. Nxf3 Ne4 23. Rd4 f5 24. exf6 Nxf6 25. c4 h6 26. Re1 Rfe8 27. Rd3 Rc5
28. Rde3 Kf7 29. Nd4 1/2-1/2

[Event "9th Semana Santa Alicante"]
[Site "San Vicente ESP"]
[Date "2025.04.17"]
[Round "2.8"]
[White "Vetokhin, Savva"]
[Black "Granero Roca, Antonio"]
[Result "1-0"]
[WhiteTitle "GM"]
[BlackTitle "IM"]
[WhiteElo "2549"]
[BlackElo "2278"]
[WhiteFideId "44144474"]
[BlackFideId "2210509"]
[EventDate "2025.04.16"]

1. d4 Nf6 2. c4 e6 3. Nc3 Bb4 4. e3 O-O 5. Bd3 c5 6. Nf3 b6 7. O-O Bb7 8. Na4
cxd4 9. exd4 Be7 10. a3 d5 11. c5 Nbd7 12. b4 Ne4 13. Bb2 Bf6 14. Rc1 Rc8 15.
Qe2 Qe7 16. Bb5 bxc5 17. dxc5 Bxb2 18. Qxb2 Nb8 19. Bd3 Rfd8 20. Nd4 Ba8 21. f3
Nf6 22. Rfe1 Ne8 23. b5 Nd7 24. c6 Ndf6 25. Nc5 Nd6 26. Qb4 Qc7 27. Na6 Qb6 28.
Rc5 Re8 29. a4 Qd8 30. Rcc1 g6 31. Re5 Nf5 32. Bxf5 exf5 33. Rce1 Rxe5 34. Rxe5
Ne8 35. f4 Nf6 36. Re7 Ne4 37. g3 h5 38. Kg2 h4 39. Rd7 Qf6 40. Qe7 Qg7 41. c7
Bb7 42. Rd8+ 1-0